Harry Potter e a pedra filosofal (Registo nº 342)
[ vista simples ]
| 000 -Etiqueta do registo | |
|---|---|
| Cabeçalho | 00805nam0a2200313 4500 |
| 005 - Identificador da versão | |
| Campo de controlo | 20240813121800.0 |
| 010 ## - Número internacional normalizado dos livros (ISBN) | |
| Número (ISBN) | 9722325337 |
| 021 ## - Número do Depósito Legal | |
| Código do país | PT |
| Número | 177 349/02 |
| 035 ## - Other System Control Numbers | |
| System Control Number | 0000355 |
| System Control Number | 0000354 |
| System Control Number | 0000354 |
| System Control Number | 0000348 |
| 100 ## - Dados gerais de processamento | |
| Dados gerais de processamento | 20050126d a e0pory5003 ba |
| 102 ## - Pais de publicação ou produção | |
| País de publicação | Portugal |
| 101 1# - Língua de publicação | |
| Língua do texto, banda sonora, etc. | Português |
| Língua do documento no original | Inglês |
| 106 ## - Campo de dados codificados: material textual | |
| Dados codificados do material textual | r |
| 105 ## - Campo de dados codificados: livros | |
| Dados codificados dos livros | y z 001yy |
| 215 ## - Descrição física | |
| Indicação específica da natureza do documento e extensão da espécie | p. 255 |
| Dimensões | cm |
| 200 1# - Titulo e menção de responsabilidade | |
| Título próprio | Harry Potter e a pedra filosofal |
| Título paralelo | Harry Potter and the Philosopher's Stone |
| Primeira menção de responsabilidade | J. K. Rowling |
| 225 2# - Colecção | |
| Título próprio da colecção | estrela do mar |
| Indicação de volume | 9 |
| 205 ## - Menção da edição | |
| Menção da edição | 18ª edição |
| 210 ## - Publicação, Distribuição, etc. | |
| Lugar da edição, distribuição, etc. | Lisboa |
| Nome do editor, distribuidor, etc. | Editorial Presença |
| Data da publicação, distribuição, etc. | 2002 |
| 675 ## - Classificação Decimal Universal (CDU) | |
| Notação | 821.111-311.3 |
| Edição | BN |
| Língua da edição | por |
| 700 #1 - Nome de autor-pessoa física (responsabilidade principal) | |
| Número de registo de entrada de autoridade | 0000364 |
| Palavra de ordem | Rowling |
| Outra parte do nome não tomada para palavra de ordem | J.K. |
| 942 ## - Elementos de entrada adicionados (Koha) | |
| Tipo de item no Koha | Livro |
| Situação do levantamento | Origin of item (home branch) (coded) | Biblioteca de empréstimo | Código de barras | Cota | Circulation type (not for loan) | Tipo de documento | Nota do exemplar | Damaged status |
|---|---|---|---|---|---|---|---|---|
| Biblioteca Escolar Eng. Nuno Mergulhão | Biblioteca Escolar Eng. Nuno Mergulhão | BENM855 | 8EST ROW | Livro | Sem mensagem | |||
| Biblioteca Escolar Eng. Nuno Mergulhão | Biblioteca Escolar Eng. Nuno Mergulhão | BENM2595 | 8EST ROW | Livro | Sem mensagem |
